| 000 | 00412nam a2200157Ia 4500 | ||
|---|---|---|---|
| 003 | SGT | ||
| 020 | _a8185015899 | ||
| 082 |
_a539.705 _bKAP |
||
| 100 | _aKaplan,irving | ||
| 245 | _aNuclear physics | ||
| 260 |
_bNarosa Publishing House _aNew Delhi _c1995 |
||
| 300 | _a770p. | ||
| 650 | _a MODERN PHYSICS | ||
| 653 | _aTHE CHEMICAL FOUNDATIONS OF ATOMIC THEORY, ATOMS ELECTRONS AND RADIATIONS | ||
| 942 |
_2ddc _cBK |
||
| 999 |
_c5367 _d5367 |
||